| 000 | 00641cam a22002173a 4500 | ||
|---|---|---|---|
| 001 | 45495 | ||
| 003 | PGUSA | ||
| 005 | 20140828084043.0 | ||
| 008 | 140426s2014||||xxu|||||s|||||000 | eng d | ||
| 040 |
_aPGUSA _beng |
||
| 042 | _adc | ||
| 100 | 1 |
_aCrockett, S. R. _q(Samuel Rutherford), _d1860-1914 |
|
| 245 | 1 | 0 |
_aLochinvar : _bA Novel _h[electronic resource] / _cS. R. Crockett |
| 260 |
_bProject Gutenberg, _c2014 |
||
| 506 | _aPublic domain in the USA. | ||
| 516 | _aElectronic text | ||
| 700 | 1 |
_aThulstrup, Thure de, _d1848-1930 |
|
| 830 | 0 |
_aProject Gutenberg _v45495 |
|
| 856 | 4 | 0 | _uhttp://www.gutenberg.org/ebooks/45495 |
| 942 | _cEB | ||
| 999 |
_c274746 _d274746 |
||